Prehistoric britain

Shranjeno v:
Bibliografske podrobnosti
Main Authors: Hawkes, Jacquetta Hopkins (Author), Hawkes, Christopher (Author)
Format: Knjiga
Jezik:angleščina
Izdano: Londres Chatto and Windus 1947
Teme:
Oznake: Označite
Brez oznak, prvi označite!

MARC

LEADER 00000nam a2200000 a 4500
001 UCX7502
003 CL-VaPUC
008 931213e19470000UK |||||||||||||||||eng|d
082 0 4 |a 942.01  |b HAW  |2 21 
100 |a Hawkes, Jacquetta Hopkins  |e author  |9 438873 
700 0 |a Hawkes, Christopher  |e author  |9 324368 
245 1 0 |a Prehistoric britain 
300 |a 280 p 
942 |c BK 
945 |d 19931213 00:00:00  |a aalvarez 
260 |a Londres  |b Chatto and Windus  |c 1947 
650 0 |a Historia  |9 255047 
651 0 |a Gran Bretaña  |9 256767 
583 |a last modification  |c 19931213 00:00:00  |k Rodrigo Vera 
999 |c 227308  |d 227306 
952 |0 0  |1 0  |4 0  |6 942_010000000000000_HAW_1947  |7 0  |8 X  |9 226235  |a BIBHIS  |b BIBHIS  |d 2019-11-15  |i 2947927  |o 942.01 HAW 1947  |p 2947927  |r 2024-01-30  |w 2019-11-15  |y BK_X  |k HIS